|
|
|
|
| LEADER |
02273nim a2200649 i 4500 |
| 001 |
001962586 |
| 003 |
CZ BrMZK |
| 005 |
20260408135715.0 |
| 007 |
sd fungnnmmned |
| 008 |
260213t20252025xr nnnng f n cze |
| 015 |
|
|
|a cnb003695597
|
| 024 |
3 |
|
|a 8595693412466
|
| 040 |
|
|
|a BOA001
|b cze
|e rda
|
| 043 |
|
|
|a ec-----
|
| 072 |
|
7 |
|a 821.162.3-3
|x Česká próza
|2 Konspekt
|9 25
|
| 080 |
|
|
|a 821.162.3-31
|2 MRF
|
| 080 |
|
|
|a (4-191.2)
|2 MRF
|
| 080 |
|
|
|a (0:82-311.6)
|2 MRF
|
| 080 |
|
|
|a (0:82-312.4)
|2 MRF
|
| 080 |
|
|
|a (086.7)08
|2 MRF
|
| 080 |
|
|
|a (086.76)
|2 MRF
|
| 100 |
1 |
|
|a Češka, Stanislav,
|d 1955-
|7 xx0122614
|4 aut
|
| 245 |
1 |
0 |
|a Případ kněze z Bojné :
|b zločiny na Velké Moravě /
|c Stanislav Češka
|
| 246 |
3 |
0 |
|a Zločiny na Velké Moravě
|
| 264 |
|
1 |
|a [Praha] :
|b Tympanum, s.r.o.,
|c 2025
|
| 264 |
|
4 |
|c ℗2025
|
| 300 |
|
|
|a 1 audiodisk (6 hod., 57 min.) ;
|c 12 cm
|
| 306 |
|
|
|a 065700
|
| 336 |
|
|
|a mluvené slovo
|b spw
|2 rdacontent
|
| 337 |
|
|
|a audio
|b s
|2 rdamedia
|
| 338 |
|
|
|a audiodisk
|b sd
|2 rdacarrier
|
| 344 |
|
|
|a digital
|b optical
|2 rda
|
| 347 |
|
|
|a audio soubor
|b MP3
|2 rda
|
| 500 |
|
|
|a Název z disku
|
| 500 |
|
|
|a Podle stejnojmenné knihy vydané nakladatelstvím MOBA v roce 2015
|
| 508 |
|
|
|a Režie, Jiří Pochvalovský
|
| 511 |
0 |
|
|a Čte David Kaloč
|
| 651 |
|
7 |
|a Velkomoravská říše
|7 ge131256
|2 czenas
|
| 651 |
|
9 |
|a Great Moravia
|2 eczenas
|
| 655 |
|
7 |
|a české romány
|7 fd133974
|2 czenas
|
| 655 |
|
7 |
|a historické romány
|7 fd132414
|2 czenas
|
| 655 |
|
7 |
|a detektivní romány
|7 fd132010
|2 czenas
|
| 655 |
|
7 |
|a audioknihy
|7 fd119452
|2 czenas
|
| 655 |
|
7 |
|a kompaktní disky
|7 fd201991
|2 czenas
|
| 655 |
|
9 |
|a Czech fiction
|2 eczenas
|
| 655 |
|
9 |
|a historical novels
|2 eczenas
|
| 655 |
|
9 |
|a detective novels
|2 eczenas
|
| 655 |
|
9 |
|a audiobooks
|2 eczenas
|
| 655 |
|
9 |
|a compact discs
|2 eczenas
|
| 700 |
1 |
|
|a Kaloč, David,
|d 1973-
|7 xx0316841
|4 stl
|
| 700 |
1 |
|
|a Pochvalovský, Jiří,
|d 1976-
|7 xx0234596
|4 drt
|
| 710 |
2 |
|
|a Tympanum (nakladatelství)
|7 kn20120620017
|4 pbl
|
| 787 |
0 |
8 |
|i Z cyklu:
|t Zločiny na Velké Moravě
|g 6
|
| 910 |
|
|
|a BOA001
|b CDR-1558.158
|
| 990 |
|
|
|a AV
|
| 991 |
|
|
|b 202604
|c NOV
|
| 996 |
6 |
|
|b 2611027161
|c CDR-1558.158
|l MZK
|r Sklad / do 24 hodin
|n 0
|p p.v.
|w 002035243
|u 000010
|a 1
|e BOA001
|j MZK50
|s P
|